| 000 | 01314nam0a22003131 4500 | ||
|---|---|---|---|
| 001 | rc\3601710 | ||
| 005 | 20250610081249.0 | ||
| 021 |
_aRU _b[69-28721] |
||
| 035 | _a(NLR Aleph) 007812948 | ||
| 090 |
_a7719319 _c7719319 |
||
| 100 | _a20130115d1969 |||y0rusy50 ca | ||
| 101 | 0 | _arus | |
| 102 | _aRU | ||
| 105 | _aa z |||a| | ||
| 200 | 1 |
_aИм было семнадцать _e[Докум. повесть о Л. Тарабукине, И. Носенко, В. Дацуне _eДля детей _fИл.: П. Мальцев] |
|
| 210 |
_aСимферополь _cКрым _d1969 |
||
| 215 |
_a144 с. _cил. _d20 |
||
| 606 |
_aПартизанское движение в Великой Отечественной войне 1941-1945 гг. (д. л.) _yСимферополь (д. л.) _2psbo |
||
| 606 |
_aКомсомольцы в Великой Отечественной войне 1941-1945 гг. (д. л.) _2psbo |
||
| 700 | 1 |
_aПанюшкин _bН.Н. _gНиколай Николаевич |
|
| 702 | 1 |
_aТарабукин _bЛ.Г. _gЛеонид Григорьевич _4570 |
|
| 702 | 1 |
_aНосенко _bИ. _4570 |
|
| 702 | 1 |
_aДацуне _bВ. _4570 |
|
| 702 | 1 |
_aМальцев _bП. _4440 |
|
| 801 | 0 |
_aRU _bNLR _gpsbo |
|
| 801 | 1 |
_aRU _bELAR _2rusmarc |
|
| 852 |
_aNLR _j69-3/3390 |
||
| 942 | _cBOOK | ||
| 980 | _aNB | ||